书目信息 |
| 题名: |
住在摩天大楼顶层的云
|
|
| 作者: | 于川 编著 | |
| 分册: | ||
| 出版信息: | 北京 现代出版社 2021.1 |
|
| 页数: | 127页 | |
| 开本: | 24cm | |
| 丛书名: | ||
| 单 册: | ||
| 中图分类: | TU97 | |
| 科图分类: | ||
| 主题词: | 高层建筑--建筑艺术--普及读物 | |
| 电子资源: | ||
| ISBN: | 978-7-5143-2081-7 | |
| 000 | 00806nam0 2200241 45 | |
| 001 | 012001000769 | |
| 005 | 20130912075519.0 | |
| 010 | @a978-7-5143-2081-7@dCNY29.80 | |
| 100 | @a20141020d2014 em y0chiy50 ea | |
| 101 | 0 | @achi |
| 102 | @aCN@b110000 | |
| 105 | @aa z 000yy | |
| 106 | @ar | |
| 200 | 1 | @a住在摩天大楼顶层的云@Azhu zai mo tian da lou ding ceng de yun@b专著@f于川编著 |
| 210 | @a北京@c现代出版社@d2021.1 | |
| 215 | @a127页@c彩图@d24cm | |
| 300 | @a科学·奥妙无穷 | |
| 330 | @a本书内容包括:摩天大楼、高楼之王、曾经的王者、“塔”中知识、世界名塔、中国古塔、后起之“塔”、“攻陷”城堡、童话中的城堡。 | |
| 606 | 0 | @a高层建筑@x建筑艺术@j普及读物 |
| 690 | @aTU97@v5 | |
| 701 | 0 | @a于川@Ayu chuan@f(1963.9 )@4编著 |
| 801 | 0 | @aCN@bBJSDL@c20211011 |
| 905 | @b1335858-61@dTU97@e1949@f4 | |
| 住在摩天大楼顶层的云/于川编著.-北京:现代出版社,2021.1 |
| 127页:彩图;24cm |
| 科学·奥妙无穷 |
| ISBN 978-7-5143-2081-7:CNY29.80 |
| 本书内容包括:摩天大楼、高楼之王、曾经的王者、“塔”中知识、世界名塔、中国古塔、后起之“塔”、“攻陷”城堡、童话中的城堡。 |
| ● |
| 相关链接 |
|
|
|
|
正题名:住在摩天大楼顶层的云
索取号:TU97/1949
 
预约/预借
| 序号 | 登录号 | 条形码 | 馆藏地/架位号 | 状态 | 备注 |
| 1 | 1335858 | 213358588 | 第二样本阅览室/ [索取号:TU97/1949] | 在馆 | |
| 2 | 1335859 | 213358597 | 第三借阅区/ [索取号:TU97/1949] | 在馆 | |
| 3 | 1335860 | 213358604 | 第三借阅区/ [索取号:TU97/1949] | 在馆 | |
| 4 | 1335861 | 213358613 | 第三借阅区/ [索取号:TU97/1949] | 在馆 |